Retrouve le jeu vidéo grâce à un de ses DLC - Statistiques

Statistiques générales
  • Ce quiz a été pris 12 fois
  • Le résultat moyen est 5 sur 35
Statistiques - réponses
Nom du DLC Jeu % Correct
Shadow of the Erdtree Elden Ring
64%
Dragonborn The Elder Scrolls V: Skyrim
55%
Phantom Liberty Cyberpunk 2077
36%
Artorias of the Abyss Dark Souls
36%
Le Disque Indigo Pokémon Ecarlate & Violet
36%
L'Ile solitaire de l'Armure Pokémon Epée & Bouclier
36%
Nuka World Fallout 4
27%
Iceborne Monster Hunter World
27%
Left Behind The Last of Us
27%
L'Ode aux Prodiges The Legend of Zelda: Breath of the Wild
27%
Happy Home Paradise Animal Crossing: New Horizons
18%
L'Héritage de la Première Lame Assassin's Creed: Odyssey
18%
The Grimm Troupe Hollow Knight
18%
Années Lycée Les Sims 4
18%
Blood and Wine The Witcher 3: Wild Hunt
18%
Dunwall City Trials Dishonored
9%
Opération Anchorage Fallout 3
9%
Iki Island Ghost of Tsushima
9%
The Frozen Wilds Horizon: Zero Dawn
9%
Chromapolis Splatoon 3
9%
Torna: The Golden Country Xenoblade Chronicles 2
9%
La main de la science Assassin's Creed: Unity
0%
Trône de Bhaal Baldur's Gate 2
0%
Pile ou Face Batman : Arkham Night
0%
Carnage céleste Bioshock Infinite
0%
Valhalla Gof of War: Ragnarok
0%
Argent sale et affaires propres GTA Onine
0%
Burning Shores Horizon: Forbidden West
0%
Le Gardien du souvenir Hyrule Warriors: L'Ere du Fléau
0%
La Tour hantée et les Jeux de l'étrange Luigi's Mansion 3
0%
Pinnacle Station Mass Effect
0%
Mythes et Insoumis Red Dead Redemption
0%
Chemins séparés Resident Evil 4
0%
Réveil Glacial Rise of the Tomb Raider
0%
Le Coeur du Serpent Shadow of the Tomb Raider
0%
Aucun quiz correspondant
Distribution des résultats
% des personnes avec chaque résultat
Percentile par nombre de réponses
Votre historique - résultats
Vous n’avez pas pris ce quiz